<?xml version="1.0" encoding="UTF-8"?>
<record
    xmlns:xsi="http://www.w3.org/2001/XMLSchema-instance"
    xsi:schemaLocation="http://www.loc.gov/MARC21/slim http://www.loc.gov/standards/marcxml/schema/MARC21slim.xsd"
    xmlns="http://www.loc.gov/MARC21/slim">

  <leader>00443nam a22001337a 4500</leader>
  <controlfield tag="003">SGT</controlfield>
  <datafield tag="082" ind1=" " ind2=" ">
    <subfield code="a">350.954</subfield>
    <subfield code="b">P87B</subfield>
  </datafield>
  <datafield tag="100" ind1=" " ind2=" ">
    <subfield code="a">&#x92D;&#x93F;&#x937;&#x93F;&#x915;&#x930;, &#x91A;&#x902;&#x926;&#x94D;&#x930;&#x936;&#x947;&#x916;&#x930; &#x92A;&#x930;&#x92E;&#x93E;&#x928;&#x928;&#x94D;&#x926; </subfield>
  </datafield>
  <datafield tag="245" ind1=" " ind2=" ">
    <subfield code="a">&#x92A;&#x902;&#x921;&#x93F;&#x924; &#x926;&#x940;&#x928;&#x926;&#x92F;&#x93E;&#x932; &#x909;&#x92A;&#x93E;&#x927;&#x94D;&#x92F;&#x93E;&#x92F; &#x935;&#x93F;&#x91A;&#x93E;&#x930;- &#x926;&#x930;&#x94D;&#x936;&#x928; </subfield>
  </datafield>
  <datafield tag="260" ind1=" " ind2=" ">
    <subfield code="b">&#x938;&#x941;&#x930;&#x941;&#x91A;&#x93F; &#x92A;&#x94D;&#x930;&#x915;&#x93E;&#x936;&#x928; </subfield>
    <subfield code="c">1987</subfield>
  </datafield>
  <datafield tag="300" ind1=" " ind2=" ">
    <subfield code="a">157</subfield>
  </datafield>
  <datafield tag="650" ind1=" " ind2=" ">
    <subfield code="a">SOCIAL SCIENCE</subfield>
  </datafield>
  <datafield tag="942" ind1=" " ind2=" ">
    <subfield code="2">ddc</subfield>
    <subfield code="c">BK</subfield>
  </datafield>
  <datafield tag="952" ind1=" " ind2=" ">
    <subfield code="0">0</subfield>
    <subfield code="1">0</subfield>
    <subfield code="2">ddc</subfield>
    <subfield code="4">0</subfield>
    <subfield code="7">1</subfield>
    <subfield code="a">CL</subfield>
    <subfield code="b">CL</subfield>
    <subfield code="c">REF</subfield>
    <subfield code="d">2024-11-22</subfield>
    <subfield code="g">40.00</subfield>
    <subfield code="i">SGTU</subfield>
    <subfield code="l">0</subfield>
    <subfield code="o">350.954 P87B</subfield>
    <subfield code="p">CH735</subfield>
    <subfield code="r">2024-11-22 00:00:00</subfield>
    <subfield code="w">2024-11-22</subfield>
    <subfield code="y">BK</subfield>
  </datafield>
  <datafield tag="999" ind1=" " ind2=" ">
    <subfield code="c">27643</subfield>
    <subfield code="d">27643</subfield>
  </datafield>
</record>
